000 00492nam a2200181 i 4500
001 bg
100 1 _aGULIŃSKI, Eugeniusz
245 0 _aLaboratorium podstaw konstrukcji maszyn /
_cE. Guliński.
250 _aWyd.2.
260 _aKielce :
_bPolitechnika Świętokrzyska,
_c1979.
650 9 _aMaszyny
_xbudowa i konstrukcje
655 _aPodręczniki akademickie
040 _cBPK
041 _apol
080 _a621(075.8)
942 _cKS
008 s pl f |000 0 pol
999 _c18832
_d18832
856 _uhttp://koha.tu.koszalin.pl/cgi-bin/koha/opac-detail.pl?biblionumber=18832
_yKatalog online BPK